| 000 | 004710000a22001930004500 | ||
|---|---|---|---|
| 003 | LK-CoMWRAF | ||
| 005 | 20230920230407.0 | ||
| 008 | 230817t1998 ||||| |||| 00| 0 eng d | ||
| 020 | _a014027023X | ||
| 040 |
_aLK-CoMWRAF _dLK-CoMWRAF _eLK-CoMWRAF |
||
| 041 | _aeng | ||
| 082 |
_a823 _bMUL |
||
| 100 | _aMuller, Carl | ||
| 245 | _aSpit and Polish | ||
| 260 |
_aNew Delhi: _bPenguin, _c1998 |
||
| 300 | _a 435 p. ; 21 cm. | ||
| 650 | _aFICTION-Sri Lanka | ||
| 942 | _cBK | ||
| 999 |
_c1164 _d1164 |
||